[Event "Mittelrhein Verbandsliga Sued 1920"]
[Site "Mittelrhein"]
[Date "2019.11.17"]
[Round "3.6"]
[White "Sanders, Frank"]
[Black "Jonas, Rainer"]
[Result "1/2-1/2"]
[WhiteElo "1857"]
[BlackElo "1794"]
[PlyCount "98"]
[EventDate "2019.09.29"]
[EventType "team-tourn"]
[EventRounds "9"]
[EventCountry "GER"]
[SourceTitle "EXT 2023"]
[Source "ChessBase"]
[SourceDate "2022.10.05"]
[SourceVersion "1"]
[SourceVersionDate "2022.10.05"]
[SourceQuality "1"]
[WhiteTeam "Lohmar"]
[BlackTeam "Rheinbacher SF"]
[WhiteTeamCountry "GER"]
[BlackTeamCountry "GER"]

1. e4 c6 2. d4 d5 3. f3 e6 4. Nc3 Ne7 5. Bg5 Qc7 6. Bd3 a6 7. Nge2 c5 8. dxc5 Qxc5 9. exd5 Nxd5 10. Be4 Be7 11. Bxe7 Nxe7 12. Qd4 Qxd4 13. Nxd4 Nd7 14. 0-0-0 Nc5 15. b4 Nxe4 16. Nxe4 0-0 17. c4 e5 18. Nb3 Be6 19. c5 Nd5 20. a3 Nxb4 21. axb4 Bxb3 22. Rd7 b6 23. cxb6 Rfd8 24. b7 Rab8 25. Rxd8+ Rxd8 26. Nc5 Rb8 27. Nxb3 Rxb7 28. Rd1 f6 29. Nc5 Rxb4 30. Rd2 a5 31. Ne4 h6 32. Kc2 Kf7 33. Kc3 Ra4 34. Nc5 Ra1 35. h3 Kg6 36. Nb3 Ra4 37. Kb2 Kf5 38. g3 h5 39. h4 g5 40. hxg5 Kxg5 41. Rd5 h4 42. f4+ Kg4 43. gxh4 Rxf4 44. Nxa5 Kxh4 45. Kc3 Kg3 46. Nc6 Rf3+ 47. Kd2 Kf4 48. Ke2 Rc3 49. Nb4 e4 1/2-1/2

[Event "Mittelrhein Verbandsliga-O 15/16"]
[Site "Nordrheinwestfalen"]
[Date "2015.09.27"]
[Round "2"]
[White "Thiemonds, Uli"]
[Black "Sanders, Frank"]
[Result "1-0"]
[WhiteElo "2034"]
[BlackElo "1963"]
[PlyCount "49"]
[EventDate "2015.09.06"]
[EventType "team-tourn"]
[EventRounds "11"]
[EventCountry "GER"]
[SourceTitle "EXT 2022"]
[Source "ChessBase"]
[SourceDate "2021.10.06"]
[SourceVersion "1"]
[SourceVersionDate "2021.10.06"]
[SourceQuality "1"]
[WhiteTeam "Porz SG IV"]
[BlackTeam "Lohmar"]
[WhiteTeamCountry "GER"]
[BlackTeamCountry "GER"]

1. e4 e6 2. d4 d5 3. Nd2 Nf6 4. e5 Nfd7 5. c3 c5 6. Bd3 Nc6 7. Ne2 cxd4 8. cxd4 Qc7 9. 0-0 f6 10. Nf4 Nxd4 11. Qh5+ Kd8 12. Nb3 Qxe5 13. Nxd4 Qxh5 14. Nxh5 Nc5 15. Be2 e5 16. Nb3 Ne6 17. f4 e4 18. Rd1 Nc7 19. Be3 Be6 20. Bc5 Ke8 21. Rac1 Na6 22. Bxf8 Kxf8 23. Nd4 Bf7 24. Ng3 g6 25. Bxa6 1-0

[Event "Mittelrhein Verbandsliga Ost 1415"]
[Site "Mittelrhein"]
[Date "2015.02.01"]
[Round "7.5"]
[White "Wagner, Rainer"]
[Black "Sanders, Frank"]
[Result "0-1"]
[WhiteElo "1956"]
[BlackElo "1961"]
[PlyCount "86"]
[EventDate "2014.09.07"]
[EventType "team-tourn"]
[EventRounds "11"]
[EventCountry "GER"]
[SourceTitle "EXT 2023"]
[Source "ChessBase"]
[SourceDate "2022.10.05"]
[SourceVersion "1"]
[SourceVersionDate "2022.10.05"]
[SourceQuality "1"]
[WhiteTeam "Bonn Stadtverwaltung"]
[BlackTeam "Lohmar"]
[WhiteTeamCountry "GER"]
[BlackTeamCountry "GER"]

1. d4 e6 2. c4 d5 3. Nc3 c5 4. cxd5 exd5 5. Nf3 Nc6 6. dxc5 d4 7. Ne4 Bf5 8. Nd6+ Bxd6 9. cxd6 Qxd6 10. a3 Rd8 11. Bg5 Nge7 12. Qd2 0-0 13. g3 Qe6 14. Bxe7 Qxe7 15. Qf4 Be4 16. Bg2 d3 17. 0-0 dxe2 18. Rfe1 Bxf3 19. Bxf3 Nd4 20. Rac1 Nxf3+ 21. Qxf3 Rd2 22. Rc3 Rxb2 23. Re3 Qd7 24. R3xe2 Rxe2 25. Qxe2 Rd8 26. Qe3 b6 27. Qe2 g6 28. Qa6 Qd2 29. Rf1 Rd7 30. Qc8+ Kg7 31. Qe8 Rd5 32. Qa8 Ra5 33. Ra1 Qb2 34. Rd1 Rf5 35. f4 Rh5 36. h4 Qxa3 37. Kh2 Qa2+ 38. Kg1 Qb3 39. Rd8 Qxg3+ 40. Kf1 Qxf4+ 41. Ke2 Re5+ 42. Kd1 Qg4+ 43. Kd2 Qe2+ 0-1

[Event "Mittelrhein Verbandsliga Ost 1415"]
[Site "Mittelrhein"]
[Date "2014.09.28"]
[Round "2.4"]
[White "Hess, Dennis"]
[Black "Sanders, Frank"]
[Result "1/2-1/2"]
[WhiteElo "1991"]
[BlackElo "1935"]
[PlyCount "72"]
[EventDate "2014.09.07"]
[EventType "team-tourn"]
[EventRounds "11"]
[EventCountry "GER"]
[SourceTitle "EXT 2023"]
[Source "ChessBase"]
[SourceDate "2022.10.05"]
[SourceVersion "1"]
[SourceVersionDate "2022.10.05"]
[SourceQuality "1"]
[WhiteTeam "Langenfeld II"]
[BlackTeam "Lohmar"]
[WhiteTeamCountry "GER"]
[BlackTeamCountry "GER"]

1. e4 e6 2. d4 d5 3. e5 c5 4. c3 Nc6 5. Nf3 Bd7 6. Be2 Nge7 7. 0-0 Rc8 8. a3 Nf5 9. dxc5 Bxc5 10. b4 Bb6 11. Bd3 Nh4 12. Bf4 Ng6 13. Bg3 Qc7 14. Re1 Nce7 15. h4 h5 16. Ng5 f6 17. Nf3 f5 18. Qd2 f4 19. Bxf4 0-0 20. Bxg6 Nxg6 21. Be3 Rf5 22. Bxb6 axb6 23. Qe3 Rf4 24. Nbd2 Qxc3 25. g3 Qxe3 26. Rxe3 Rff8 27. Nd4 Ne7 28. f4 Nc6 29. N2f3 Nxd4 30. Nxd4 Rc4 31. Rd1 Kf7 32. f5 Ke7 33. fxe6 Bxe6 34. Nb5 Rc2 35. Rf1 Rxf1+ 36. Kxf1 Bh3+ 1/2-1/2

[Event "Mittelrhein Verbandsliga Ost 1314"]
[Site "Mittelrhein"]
[Date "2013.11.10"]
[Round "3.6"]
[White "Raabe, Joachim"]
[Black "Sanders, Frank"]
[Result "1/2-1/2"]
[WhiteElo "1834"]
[BlackElo "1863"]
[PlyCount "68"]
[EventDate "2013.09.15"]
[EventType "team-tourn"]
[EventRounds "11"]
[EventCountry "GER"]
[SourceTitle "EXT 2023"]
[Source "ChessBase"]
[SourceDate "2022.10.05"]
[SourceVersion "1"]
[SourceVersionDate "2022.10.05"]
[SourceQuality "1"]
[WhiteTeam "Bruehl II"]
[BlackTeam "Lohmar"]
[WhiteTeamCountry "GER"]
[BlackTeamCountry "GER"]

1. e4 e6 2. Nc3 d5 3. exd5 exd5 4. d4 c6 5. Bd3 Bd6 6. Nf3 Bg4 7. h3 Bh5 8. Qe2+ Ne7 9. Bd2 Nd7 10. 0-0-0 Qc7 11. g4 Bg6 12. h4 0-0-0 13. h5 Bxd3 14. Qxd3 h6 15. Rde1 Rde8 16. Re2 Nf8 17. Rhe1 Ne6 18. Ne5 Bxe5 19. Rxe5 Ng8 20. Na4 Nf6 21. f3 b6 22. Qf5 Kb7 23. c3 b5 24. Nc5+ Nxc5 25. dxc5 Rxe5 26. Rxe5 Re8 27. Bf4 Rxe5 28. Bxe5 Qe7 29. f4 Nd7 30. b4 f6 31. Bd4 Qe1+ 32. Kb2 Qd2+ 33. Kb3 Qd1+ 34. Kb2 Qd2+ 1/2-1/2

[Event "Troisdorf op"]
[Site "Troisdorf"]
[Date "2012.11.27"]
[Round "6"]
[White "Sanders, Frank"]
[Black "Riefer, Alexander"]
[Result "1-0"]
[WhiteElo "1852"]
[BlackElo "1828"]
[PlyCount "41"]
[EventDate "2012.10.23"]
[EventType "swiss"]
[EventRounds "7"]
[EventCountry "GER"]
[SourceTitle "EXT 2014"]
[Source "ChessBase"]
[SourceDate "2013.11.20"]
[SourceVersion "1"]
[SourceVersionDate "2013.11.20"]
[SourceQuality "1"]

1. e4 c5 2. d4 cxd4 3. c3 dxc3 4. Nxc3 Nc6 5. Nf3 e5 6. Bc4 Be7 7. Qd5 d6 8. Qxf7+ Kd7 9. Nb5 Qf8 10. Ng5 Nh6 11. Qd5 a6 12. Ne6 Qg8 13. Nbc7 b5 14. Nxa8 Bb7 15. Nb6+ Ke8 16. Bxh6 bxc4 17. Nxg7+ Kd8 18. Ne6+ Ke8 19. Bg7 Nb4 20. Nc7+ Kd8 21. Qxb7 1-0

[Event "Troisdorf op"]
[Site "Troisdorf"]
[Date "2009.11.24"]
[Round "5"]
[White "Rozsa, Sandor"]
[Black "Sanders, Frank"]
[Result "0-1"]
[WhiteElo "1718"]
[BlackElo "1782"]
[PlyCount "138"]
[EventDate "2009.10.27"]
[EventType "swiss"]
[EventRounds "7"]
[EventCountry "GER"]
[SourceTitle "EXT 2011"]
[Source "ChessBase"]
[SourceDate "2010.11.26"]
[SourceVersion "1"]
[SourceVersionDate "2010.11.26"]
[SourceQuality "1"]

1. e4 e6 2. Nf3 d5 3. exd5 exd5 4. d4 Bg4 5. h3 Qe7+ 6. Qe2 Bxf3 7. gxf3 Nc6 8. Qxe7+ Ngxe7 9. c3 0-0-0 10. Bd3 Ng6 11. h4 Re8+ 12. Kf1 Bd6 13. h5 Nf4 14. Bxf4 Bxf4 15. Na3 g6 16. Nc2 Nd8 17. c4 dxc4 18. Bxc4 g5 19. d5 h6 20. Rd1 f6 21. Ne1 Nf7 22. Ng2 Bd6 23. Ne3 Bc5 24. Ng4 f5 25. Nf6 Re5 26. Bb5 Nd6 27. Bd7+ Kd8 28. Be6 Ke7 29. Nd7 Rxd5 30. Bxd5 Kxd7 31. Kg2 c6 32. Bf7 Kc7 33. Bg6 f4 34. Rhe1 b5 35. b3 Kb6 36. Re7 Nf5 37. Re8 Rxe8 38. Bxe8 Nh4+ 39. Kf1 Nxf3 40. Rc1 Ne5 41. Bg6 a5 42. Be4 b4 43. Rd1 Kc7 44. Bf5 Be7 45. Ke2 Bc5 46. f3 Be7 47. Be4 Bd6 48. Kd2 Be7 49. Bf5 Bd6 50. Bg4 Bc5 51. Re1 Kd6 52. Kd1 Be3 53. Ke2 Bc5 54. Bf5 Kc7 55. Rd1 Be7 56. Rd4 Bc5 57. Re4 Kd6 58. Bc8 Be3 59. Bb7 g4 60. fxg4 Kd5 61. Rxe5+ Kxe5 62. Bxc6 Kd4 63. Kf3 Kc3 64. Ke4 Kb2 65. g5 hxg5 66. h6 Bd2 67. Kf5 Kxa2 68. Ba4 f3 69. h7 Bc3 0-1